Pays les plus proches de Saint-Vincent-et-les-Grenadines - Mort subite - Statistiques

Statistiques générales
  • Ce quiz a été pris 17 fois
  • Le résultat moyen est 6 sur 15
Answers on the Grid
Answers color-coded by a green-red scale on the quiz's grid according to % correct below.
Saint-Kitts-et-Nevis
Antigua-et-Barbuda
Dominique
Sainte-Lucie
Barbade
Grenade
Trinité-et-Tobago
Venezuela
Guyane
Suriname
Brésil
République dominicaine
Colombie
Haïti
Bahamas
Cuba
Jamaïque
États-Unis
Mexique
Belize
Guatemala
El Salvador
Honduras
Nicaragua
Costa Rica
Panama
Équateur
Pérou
Bolivie
Paraguay
 
Statistiques - réponses
Réponse % Correct
Barbade
67%
Sainte-Lucie
67%
Trinité-et-Tobago
67%
Antigua-et-Barbuda
58%
Haïti
50%
Dominique
42%
Grenade
42%
Saint-Kitts-et-Nevis
42%
Bahamas
33%
Colombie
33%
République dominicaine
33%
Venezuela
33%
Brésil
25%
Guyane
25%
Suriname
25%
Aucun quiz correspondant
Distribution des résultats
% des personnes avec chaque résultat
Percentile par nombre de réponses
Votre historique - résultats
Vous n’avez pas pris ce quiz